Applied forest tree improvement / (Record no. 19363)

000 -LEADER
fixed length control field 00418pam a2200169 a 4500
020 ## - INTERNATIONAL STANDARD BOOK NUMBER
ISBN 0471096822 :
040 ## - CATALOGING SOURCE
Transcribing agency DLC
082 00 - DEWEY DECIMAL CLASSIFICATION NUMBER
Classification number 634 BRU 1984 C166 Or.
100 1# - MAIN ENTRY--AUTHOR NAME
Personal name Zobel, Bruce,
245 10 - TITLE STATEMENT
Title Applied forest tree improvement /
260 ## - PUBLICATION, DISTRIBUTION, ETC. (IMPRINT)
Place of publication New York :
Name of publisher Wiley,
Year of publication c1984.
300 ## - PHYSICAL DESCRIPTION
Number of Pages xv, 505 p. :
Other physical details ill. ;
Dimensions 24 cm.
650 #0 - SUBJECT ADDED ENTRY--TOPICAL TERM
Topical Term Trees
650 #0 - SUBJECT ADDED ENTRY--TOPICAL TERM
Topical Term Forest genetics.
700 1# - ADDED ENTRY--PERSONAL NAME
Personal name Talbert, John.
942 ## - ADDED ENTRY ELEMENTS (KOHA)
Koha item type ADB
952 ## - LOCATION AND ITEM INFORMATION (KOHA)
Withdrawn status [LOCAL, KOHA] 0
Holdings
Source of acquisition Permanent Location Date acquired Koha item type Lost status Shelving location Current Location Full call number
A38388Library Block C2020-10-05សៀវភៅភាសាអង់គ្លេស C166Library Block C634 BRU 1984 C166 Or.
មជ្ឈមណ្ឌលឯការនៃសាកលវិទ្យាល័យភូមិន្ទកសិកម្មចំការដូង

Powered by Koha